000 01280naa a22003377a 4500
001 BR8803422
003 BR-BrBNA
005 20240918180141.0
007 ta
008 230509b bl.||||| |||| 00| 0 por d
040 _aBR-BrBNA
_bpor
_cBiblioteca Nacional de Agricultura
041 _a(Pt)
072 _aF04
_b3840
090 _aF04 BR8803422
100 1 _aMalavolta, E.
100 1 _aGuilherme, M.R.
100 1 _aLiem, T.H.
111 1 _a1. Seminario sobre o uso de Fosfogesso na Agricultura
_cBrasilia, DF (Brazil)
_d11-12 Jun 1985
245 1 _aAssociacoes fosfogesso - calcario: principios e aplicacoes
246 1 _a[Associations gypsum - calcareous rocks: principles and aplications]
246 1 _a[Annals of the 1st. Seminary on the use of Agricultural gypsum]
260 3 _aBrasilia, DF (Brasil):
_c1986.
500 _aAnais do 1. Seminario sobre o uso de Fosfogesso na Agricultura Brasilia, DF (Brasil): 1986. p. 177-196 (BR8803422-AM)F04
650 _aGESSO
650 _aCALCARIO
650 _aACIDEZ DO SOLO
650 _aFERTILIDADE DO SOLO
773 0 _tAnais do 1. Seminario sobre o uso de Fosfogesso na Agricultura
_wF04 BR8803422
_gBrasilia, DF (Brasil), 1986. p. 177-196
909 _a202404
_bLucia
_c55
_dLucia Elande
942 _cAM
_2AGRIS
999 _c319316
_d319316